00730nam a2200193 a 450000100060000000300090000600800410001504000280005608200190008410000380010324500960014126000600023730000070029749000200030450501310032465000210045565000350047665000250051122487CO-ViMGA141112s2004 ck r 000 u spa d aCO-ViMGAbspacCO-ViMGA04a658.4092 A734h1 aAtehortúa Rueda, Jose Silvestre10aHabilidades gerenciales : bel líder creativo, los equipos de trabajo y la comunicación aBogotá : bUniversidad Coperativa de colombia, c2005 a87 aLibros de texto aIdentificación del liderazgo 13 - 39 - - La comunicación 41 - 59 - - El liderazgo creativo y el trabajo en euipo 61 - 83 14aACTITUD DE MANDO14aCOMUNICACION EN ADMINISTRACION14aEXITO ADMINISTRATIVO